000 00908nam a2200229 a 4500
001 BRCA_8061
005 20190320210120.0
008 010414s1912----fr-a###f##---#001-0#fre-#
041 _afre
044 _afr
050 4 _aNK7149
_b.B68 1912
100 1 _aBouilhet, M. Henri
_920030
245 1 0 _aMuseè rètrospectif de la clase 94
_bl´orfevrerie francaise : a l´exposition universelle internationale de 1900, a Paris
_cM. Henri Bouilhet.
260 _aParís
_bBerlin Fréres
_c1912
300 _a3 v.
_bil.
_c29 cm.
500 _aY72
505 0 _aContenido: v.1. Livre premier: le dix-huitième siècle. -- v.2. Livre deuxième: le dix-neuvième siècle. -- v.3. Livre troisième: le dix-neuvième siècle deuxième periode 1860-1900
650 1 4 _aOrfebrería
_vExposiciones
_zFrancia
_920031
650 1 4 _aOrfebrería
_vColeccionistas y colecciones
_zFrancia
_920032
902 _aGFM
942 _2lcc
_cB
999 _c7729
_d7729